Marketingové činnosti pri získavaní nových zákazníkov v procese penetrácie

Gespeichert in:
Bibliographische Detailangaben
1. Verfasser: Liberko, Igor
Weitere Verfasser: Ducár, Slavomír, Naščáková, Jana
Format: Buchkapitel
Sprache:Slowakisch
Tags: Tag hinzufügen
Keine Tags, Fügen Sie das erste Tag hinzu!

MARC

LEADER 00000nla$a2200000$$$4500
001 0093160
005 20240502072035.0
041 0 |a slo 
044 |a SK 
245 1 0 |a Marketingové činnosti pri získavaní nových zákazníkov v procese penetrácie  |c Igor Liberko, Slavomír Ducár, Jana Naščáková 
100 1 |a Liberko, Igor 
700 1 |a Ducár, Slavomír 
700 1 |a Naščáková, Jana